000 00662nam a2200169 a 4500
005 20140414132111.0
008 110513s19uu xx 00 eng d
020 _a0803731477
050 _aTR
_bL72 2006
100 _aMayer, Mercer, 1943-
245 _aThe little drummer mouse : a Christmas story /
_cby Mercer Mayer.
260 _aNew York :
_bScholastic ,
_c2006.
520 _aA little mouse who is teased for being the smallest and for playing an acorn drum is singled out to give a gift to the very special child who has been born in a nearby stable.
650 _aJesus Christ
_xNativity
_xFiction.
650 _aDrummers (Musicians)
999 _c114752
_d114752